000 00815cab a2200241 4500
001 ABS60813
008 090401t1999 xxu||||| |||| 00| 0 eng d
035 _a(Sirsi) u93928
041 _aeng
100 _aExall, G.
245 _aCivil litigation brief: Woolf reforms (20).
260 _c1999
350 _a0
490 _aSolicitors' Journal
_v143(22) 4 June 1999, 540-541(2)
520 _aPart of a series of articles looking at the Woolf reforms, this analyses the role of the expert witness as set out in Part 35 of the Civil Procedure Rules, including expert reports and letters of instruction sent to the expert.
650 _aCIVIL PROCEDURE RULES
650 _aEXPERT REPORTS
650 _aEXPERT WITNESSES
650 _aWOOLF REFORMS
690 _aLAW
942 _n0
948 _c15/06/1999
999 _c59527
_d59527